Technologie und Arbeitsorganisation im Einzelhandel

Uložené v:
Podrobná bibliografia
Hlavný autor: Bönewitz, Walter
Médium: Kniha
Jazyk:German
Vydavateľské údaje: Berlin Wirtschaft 1988
Vydanie:2. überarb. Aufl.
Tagy: Pridať tag
Žiadne tagy, Buďte prvý, kto otaguje tento záznam!

MARC

LEADER 00000nam a2200000 4500
001 c031820
005 20250929123418.9
041 0 |a ger 
044 |a DE 
245 1 0 |a Technologie und Arbeitsorganisation im Einzelhandel  |c Walter Bönewitz 
250 |a 2. überarb. Aufl. 
264 1 |a Berlin  |b Wirtschaft  |c 1988 
300 |a 120 s. 
100 1 |a Bönewitz, Walter